000 00575nam a2200181 a 4500
001 000037182
005 20200930080207.0
008 120224s1980 mx 000 0 spa d
020 _a9682408555
040 _aDO-SdBNP
_bspa
_cBNPHU
082 _axxxx
_bE74i
100 1 _aEscobar Valenzuela, Gustavo
_963592
245 1 3 _aLa ilustración en la filosofía latinoamericana /
_cGustavo Escobar Valenzuela.
260 _aMéxico :
_bTrillas,
_c1980.
300 _a84 p. ;
_c23 cm.
490 1 _aTemas básicos, Área filosofia
830 0 _aTemas básicos, Área filosofia
_963593
999 _c36672
_d36672